000 00589nam a2200193Ia 4500
005 20260114185843.0
008 008 260114s9999 xx 000 0 eng d
020 _a9780755607495
037 _aEBOOK
040 _aCRL
_beng
_cCRL
041 _aeng
_2eng
084 _qCRL
100 _aHamid Irbouh
_9875220
245 0 _aArt in the Service of Colonialism French Art Education in Morocco 1912-1956
260 _bBloomsbury
_c2005
856 _uhttps://doi.org/10.5040/9780755607495?locatt=label:secondary_bloomsburyCollections
942 _cEBOOK
999 _c1474154
_d1474154